Lantanoidi - Statistics

Statistiche generali
  • Questo quiz è stato fatto 5 volte
  • Il punteggio medio è 12 su 15
Statistiche sulle risposte
Z Simbolo Elemento % Corretto
58 Ce Cerio
100%
68 Er Erbio
100%
63 Eu Europio
100%
70 Yb Itterbio
100%
57 La Lantanio
100%
71 Lu Lutezio
100%
65 Tb Terbio
100%
66 Dy Disprosio
67%
60 Nd Neodimio
67%
67 Ho Olmio
67%
59 Pr Praseodimio
67%
62 Sm Samario
67%
69 Tm Tulio
67%
64 Gd Gadolinio
33%
61 Pm Promezio
33%
Nessun quiz corrispondente trovato
Distribuzione punteggi
Percentuale di utenti per punteggio
Percentile per numero di risposta
I tuoi punteggi nel tempo
Non hai fatto questo quiz